Scottish land reform (Record no. 57421)

MARC details
000 -LEADER
fixed length control field 00924cab a2200277 4500
001 - CONTROL NUMBER
control field WB3501-43
008 - FIXED-LENGTH DATA ELEMENTS--GENERAL INFORMATION
fixed length control field 090401t1999 xxu||||| |||| 00| 0 eng d
035 ## - SYSTEM CONTROL NUMBER
System control number (Sirsi) u90555
041 ## - LANGUAGE CODE
Language code of text/sound track or separate title eng
245 ## - TITLE STATEMENT
Title Scottish land reform
260 ## - PUBLICATION, DISTRIBUTION, ETC.
Date of publication, distribution, etc. 1999
350 ## - PRICE (NR) (BK AM CF MU VM SE) [OBSOLETE]
Price 0
490 ## - SERIES STATEMENT
Series statement Times
Volume/sequential designation 30 December 1998, 2 and 25, 6 January 1999, 8
490 ## - SERIES STATEMENT
Series statement Scotsman
Volume/sequential designation 4 and 5 January 1999, 4 and 5
490 ## - SERIES STATEMENT
Series statement Herald
Volume/sequential designation 4 and 5 January 1999, 9 and 13
490 ## - SERIES STATEMENT
Series statement Daily Telegraph
Volume/sequential designation 6 January 1999, 12(9)
520 ## - SUMMARY, ETC.
Summary, etc. Proposals for wide-ranging reform of land ownership rules in Scotland include the compulsory purchase of mismanaged estates, the abolition of the feudal system, and a public register of land ownership.
650 ## - SUBJECT ADDED ENTRY--TOPICAL TERM
Topical term or geographic name entry element Compulsory purchase
9 (RLIN) 6228
650 ## - SUBJECT ADDED ENTRY--TOPICAL TERM
Topical term or geographic name entry element FEUDAL SYSTEM
650 ## - SUBJECT ADDED ENTRY--TOPICAL TERM
Topical term or geographic name entry element LAIRDS
650 ## - SUBJECT ADDED ENTRY--TOPICAL TERM
Topical term or geographic name entry element LAND REFORM
650 ## - SUBJECT ADDED ENTRY--TOPICAL TERM
Topical term or geographic name entry element SCOTLAND
690 ## - LOCAL SUBJECT ADDED ENTRY--TOPICAL TERM (OCLC, RLIN)
Topical term or geographic name as entry element LAND
942 ## - ADDED ENTRY ELEMENTS (KOHA)
Suppress in OPAC 0
948 ## - LOCAL PROCESSING INFORMATION (OCLC); SERIES PART DESIGNATOR (RLIN)
c (OCLC) 06/01/1999
Holdings
Withdrawn status Lost status Source of classification or shelving scheme Damaged status Not for loan Home library Current library Shelving location Date acquired Total Checkouts Full call number Barcode Date last seen Copy number Price effective from Koha item type
    Dewey Decimal Classification     London London News article 14/09/1999   WB3501-43 90555-1001 06/08/2019 1 06/08/2019 News article